Critical Analysis and Implementation of Flow3 for Migration from OOP to AOP / (Record no. 608219)
[ view plain ]
| 000 -LEADER | |
|---|---|
| fixed length control field | 00394nam a22001337a 4500 |
| 003 - CONTROL NUMBER IDENTIFIER | |
| control field | NUST |
| 008 - FIXED-LENGTH DATA ELEMENTS--GENERAL INFORMATION | |
| fixed length control field | 240226b ||||| |||| 00| 0 eng d |
| 082 ## - DEWEY DECIMAL CLASSIFICATION NUMBER | |
| Classification number | 005.1,SUL |
| 100 ## - MAIN ENTRY--PERSONAL NAME | |
| Personal name | Sultana, Sidra |
| 9 (RLIN) | 29744 |
| 245 ## - TITLE STATEMENT | |
| Title | Critical Analysis and Implementation of Flow3 for Migration from OOP to AOP / |
| Statement of responsibility, etc. | Sidra Sultana |
| 260 ## - PUBLICATION, DISTRIBUTION, ETC. | |
| Place of publication, distribution, etc. | Rawalpindi |
| Name of publisher, distributor, etc. | MCS, NUST , |
| Date of publication, distribution, etc. | 2013 |
| 300 ## - PHYSICAL DESCRIPTION | |
| Extent | 89 p |
| 942 ## - ADDED ENTRY ELEMENTS (KOHA) | |
| Source of classification or shelving scheme | |
| Koha item type | Thesis |
No items available.
